Solutions, minerals, and equilibria

Salvato in:
Dettagli Bibliografici
Autori principali: Garrels, Robert M (Autore), Crist, Charles L (Autore)
Natura: Libro
Lingua:inglese
Pubblicazione: Nueva York Harper and Row 1965
Serie:Harper's Geoscience Series
Soggetti:
Tags: Aggiungi Tag
Nessun Tag, puoi essere il primo ad aggiungerne!!

MARC

LEADER 00000nam a2200000 a 4500
001 UCT5813
003 CL-VaPUC
008 961223e19650000US |||||||||||||||||eng|d
082 0 4 |a 540  |b GAR  |2 21 
100 0 |a Garrels, Robert M  |e author  |9 375374 
700 0 |a Crist, Charles L  |e author  |9 375375 
245 1 0 |a Solutions, minerals, and equilibria 
300 |a 450 p 
942 |c BK 
945 |d 19961223 00:00:00  |a nastorga 
260 |a Nueva York  |b Harper and Row  |c 1965 
650 0 |a Química  |9 259896 
650 7 |a EQUILIBRIO IONICO  |2 CL-VaPUC  |9 264155 
650 0 |a Equilibrio químico   |9 259943 
650 7 |a TEMPERATURA  |2 CL-VaPUC  |9 375376 
650 0 |a Minerales   |9 264051 
650 0 |a Física   |9 227844 
650 7 |a CRISTALES  |2 CL-VaPUC  |9 357403 
650 0 |a Vapor de agua  |9 375377 
650 7 |a SOLUCIONES QUIMICAS  |2 CL-VaPUC  |9 375378 
583 |a last modification  |c 19961223 00:00:00  |k Rodrigo Vera 
490 0 |a Harper's Geoscience Series 
999 |c 254619  |d 254617